Dynasty (Record no. 1435286)

MARC details
000 -LEADER
fixed length control field 00434nam a22001817a 4500
005 - DATE AND TIME OF LATEST TRANSACTION
control field 20250910110526.0
008 - FIXED-LENGTH DATA ELEMENTS--GENERAL INFORMATION
fixed length control field 250910b |||||||| |||| 00| 0 eng d
037 ## - SOURCE OF ACQUISITION
Terms of availability TB
040 ## - CATALOGING SOURCE
Original cataloging agency AL
Transcribing agency AL
041 ## - LANGUAGE CODE
Source of code Eng
Language code of text/sound track or separate title Eglish
100 ## - MAIN ENTRY--PERSONAL NAME
Personal name ADAMS
9 (RLIN) 820883
245 ## - TITLE STATEMENT
Title Dynasty
260 ## - PUBLICATION, DISTRIBUTION, ETC.
Name of publisher, distributor, etc. Michigam
Date of publication, distribution, etc. 1999
365 ## - TRADE PRICE
Price amount 27
Currency code USD
700 ## - ADDED ENTRY--PERSONAL NAME
Personal name ADAMS
Relator term Editor.
9 (RLIN) 820883
942 ## - ADDED ENTRY ELEMENTS (KOHA)
Source of classification or shelving scheme Colon Classification (CC)
Koha item type Textbook
Suppress in OPAC No
Holdings
Withdrawn status Lost status Source of classification or shelving scheme Damaged status Not for loan Home library Current library Date acquired Source of acquisition Cost, normal purchase price Inventory number Total Checkouts Barcode Date last seen Price effective from Koha item type
    Colon Classification (CC)     Arts Library Arts Library 2025-09-10 Mihigam 27.00 BSB& 2000-09-29   AL1198686 2025-09-10 2025-09-10 Textbook
Copyright @ Delhi University Library System